La política tecnológica en café y granos básicos y repercusiones en el empleo: caso de Costa Rica /
Guardat en:
| Autor principal: | |
|---|---|
| Altres autors: | |
| Format: | Text |
| Publicat: |
San José:
CSUCA
|
| Etiquetes: |
Afegir etiqueta
Sense etiquetes, Sigues el primer a etiquetar aquest registre!
|
MARC
| LEADER | 00000 a a2200000 04500 | ||
|---|---|---|---|
| 001 | 21609 | ||
| 003 | |||
| 040 | |||
| 090 | |a 096000 | ||
| 100 | |a Martín Salazar, Ligia | ||
| 245 | |a La política tecnológica en café y granos básicos y repercusiones en el empleo: caso de Costa Rica / |c Ligia Martín Salazar | ||
| 260 | |a San José: |b CSUCA | ||
| 300 | |a 37 p. | ||
| 700 | |a Raventós Vorst, Ciska | ||
| 999 | |c 7518 |d 7518 | ||
